Cultura musical /

Guardado en:
Autor Principal: Roldán, Waldemar Axel
Formato: Libro
Publicado: Buenos Aires : Troquel, 1976
Edición:11a. ed.
Materias:
Etiquetas: Agregar Etiqueta
Sin Etiquetas, Sea el primero en etiquetar este registro!
LEADER 00452nam a22001695a 4500
001 CEM.cems005552
005 20060221000000.0
008 130507s1976##################000#0#####d
003 CEMS
082 0 4 |a 780.7 
100 1 |a Roldán, Waldemar Axel 
245 1 0 |a Cultura musical / 
250 |a 11a. ed. 
260 |a Buenos Aires :  |b Troquel,  |c 1976 
300 |a 143 p. 
653 |a Cultura músical 
859 |a CEMS  |b BIB. CEMS - 11 de abril  |h 780.7  |i R643a11  |p 5266.76  |t Ej.1